Změny v reálné peněžní zásobě a jejich dopad na obchodní bilanci a devizový kurz - na příkladu Československa v l. 1990-92
Monetárny prístup k obchodnej bilancii a devízovému kurzu. Ekonometrický odhad modelu na príklade Československa v r. 1990-1992.
Uložené v:
| Hlavný autor: | |
|---|---|
| Médium: | Kapitola |
| Jazyk: | Czech |
| Predmet: | |
| Tagy: |
Žiadne tagy, Buďte prvý, kto otaguje tento záznam!
|
MARC
| LEADER | 00000naa a2200000 4500 | ||
|---|---|---|---|
| 001 | r017883 | ||
| 005 | 20221205075857.4 | ||
| 041 | 0 | |a cze | |
| 044 | |a CZ | ||
| 245 | 1 | 0 | |a Změny v reálné peněžní zásobě a jejich dopad na obchodní bilanci a devizový kurz - na příkladu Československa v l. 1990-92 |c M. Mandel |
| 520 | |a Monetárny prístup k obchodnej bilancii a devízovému kurzu. Ekonometrický odhad modelu na príklade Československa v r. 1990-1992. | ||
| 610 | 2 | 0 | |a zásoba peňažná |
| 610 | 2 | 0 | |a ČSFR |
| 610 | 2 | 0 | |a 1990-1992 |
| 610 | 2 | 0 | |a bilancia obchodná |
| 610 | 2 | 0 | |a kurz devízový |
| 610 | 2 | 0 | |a modely ekonometrické |
| 100 | 1 | |a Mandel, Martin | |